Pozícia, stratégia a výkonnosť vybraných menších bánk na slovenskom bankovom trhu bakalárska práca

Gespeichert in:
Bibliographische Detailangaben
1. Verfasser: Katreniak, Alex
Körperschaft: Národohospodárska fakulta EU. Katedra bankovníctva a medzinárodných financií
Weitere Verfasser: Vateha, Marko Dávid, 1996-
Format: Buch
Sprache:Slowakisch
Veröffentlicht: Bratislava 2024
Tags: Tag hinzufügen
Keine Tags, Fügen Sie das erste Tag hinzu!

MARC

LEADER 00000nbm a2200000 4500
001 0301739
005 20241023141505.4
041 0 |a slo 
044 |a SK 
245 1 0 |a Pozícia, stratégia a výkonnosť vybraných menších bánk na slovenskom bankovom trhu  |b bakalárska práca  |c Alex Katreniak ; školiteľ: Marko Dávid Vateha 
264 1 |a Bratislava  |c 2024 
300 |a 56 s. 
100 1 |a Katreniak, Alex 
700 1 |a Vateha, Marko Dávid, 1996- 
710 2 |a Národohospodárska fakulta EU. Katedra bankovníctva a medzinárodných financií